|
|
|
|
| LEADER |
00000cam a2200000 7i4500 |
| 001 |
0000056116 |
| 005 |
20151207.0 |
| 008 |
151207 |
| 020 |
|
|
|a 9789670246376
|
| 090 |
0 |
0 |
|a QAS
|b MAL
|
| 100 |
1 |
|
|a Qash Shazwani
|
| 245 |
1 |
4 |
|a Seindah hujan cinta
|c Qash Shazwani
|
| 260 |
|
|
|a Selangor :
|b Karyaseni sdn bhd ,
|c 2012
|
| 490 |
0 |
|
|a Novel
|
| 500 |
|
|
|a Dewasa
|
| 650 |
|
0 |
|a Dewasa
|x Fiction
|
| 650 |
|
0 |
|a Novel cinta
|
| 999 |
|
|
|a 0001376438
|b Book
|c Adult Collection
|e Cawangan AEON Kulaijaya
|
| 999 |
|
|
|a 0001468952
|b Book
|c Adult Collection
|e Perbadanan Perpustakaan Awam Johor
|
| 999 |
|
|
|a 0001519665
|b Book
|c Adult Collection
|e Cawangan Bandar Tenggara
|